| Tag |
First Indicator |
Second Indicator |
Subfields |
| LEADER |
00000cam a2200000 a 4500 |
| 001 |
in00000010372 |
| 005 |
20151007051343.0 |
| 008 |
870917s1987 enkab b 00110 eng d |
| 020 |
|
|
|a 0710302053
|
| 020 |
|
|
|a 0710302398 (pbk.)
|
| 035 |
|
|
|a (OCoLC)16702602
|
| 035 |
|
|
|9 AAA2576AM
|
| 040 |
|
|
|a AZU
|c AZU
|d TXA
|d UtOrBLW
|
| 043 |
|
|
|a f------
|
| 049 |
|
|
|a TXAM
|c [A11024925]
|
| 050 |
|
4 |
|a HD2117
|b .H56 1987
|
| 100 |
1 |
|
|a Hinderink, J.
|q (Jan)
|
| 245 |
1 |
0 |
|a Agricultural commercialization and government policy in Africa /
|c J. Hinderink and J.J. Sterkenburg.
|
| 264 |
|
1 |
|a London ;
|a New York :
|b KPI,
|c 1987.
|
| 300 |
|
|
|a xii, 328 pages :
|b illustrations, maps ;
|c 23 cm.
|
| 336 |
|
|
|a text
|b txt
|2 rdacontent
|
| 337 |
|
|
|a unmediated
|b n
|2 rdamedia
|
| 338 |
|
|
|a volume
|b nc
|2 rdacarrier
|
| 490 |
1 |
|
|a Monographs from the African Studies Centre, Leiden
|
| 504 |
|
|
|a Bibliography: pages 281-307.
|
| 500 |
|
|
|a Includes indexes.
|
| 650 |
|
0 |
|a Agriculture and state
|z Africa.
|
| 700 |
1 |
|
|a Sterkenburg, J. J.
|
| 830 |
|
0 |
|a Monographs from the African Studies Centre, Leiden.
|
| 999 |
|
|
|a MARS
|
| 999 |
f |
f |
|s 918a0c12-ff9f-3a12-89e0-5463a3986e6c
|i 432d0fff-e2f9-32b0-98c2-148090811c97
|t 0
|
| 952 |
f |
f |
|p ric
|a Texas A&M University
|b Rellis Campus
|c Joint Library Facility
|d Remote Storage
|t 0
|e HD2117 .H56 1987
|h Library of Congress classification
|i unmediated -- volume
|m A14811024925
|
| 998 |
f |
f |
|a HD2117 .H56 1987
|t 0
|l Remote Storage
|